000 00354nam a2200133Ia 4500
003 GCL
008 140319s9999 xx 000 0 ara d
040 _aGCL /
_cGCL
082 0 4 _a649
_bس ع
245 1 0 _aالعناية بالحامل بدنيا ونفسيا
260 _a[S.N] :
_bالمركز العربى الحديث
300 _a166 ص
490 _a
999 _c54989
_d54989